00337nam a2200121Ia 4500008004100000041000800041082001500049100001600064245004300080260005000123300003100173365001100204240624s9999 xx 000 0 und d aeng a423.52 MAR aMARWAH SONU aCOURSE IN PHONETICS AND SPOKEN ENGLISH c2010aNew DelhibAnmol Publications Pvt. Ltd. avii, : 296 : p. : cm. ; 22 cRSb20